Statistics for 同一名称自治体どっちが人口多いでしょうクイズ(2000年)

Click here to take the quiz!

General Stats

  • This quiz has been taken 31 times
    (30 since last reset)
  • The average score is 73 of 187

Answer Stats

QuestionAnswer% Correct
山城町(9122/5503)京都府相楽郡
93%
東郷町(36878/6558/5978/5190)愛知県愛知郡
89%
高島町(7138/900)滋賀県高島郡
89%
本宮町(22280/3869)福島県安達郡
89%
板倉町(15946/7534)群馬県邑楽郡
86%
吹上町(28169/9873)埼玉県北足立郡
86%
加茂町(16004/6737/5478)京都府相楽郡
86%
岬町(19789/14352)大阪府泉南郡
86%
鶴見区(254103/101971)神奈川県横浜市
86%
玄海町(9559/6986)福岡県宗像郡
82%
川本町(11886/4784)埼玉県大里郡
79%
福岡町(13498/7123)富山県西礪波郡
79%
三好町(47684/6174)愛知県西加茂郡
79%
大原町(20531/4804)千葉県夷隅郡
79%
井川町(6116/5206)秋田県南秋田郡
68%
広川町(19779/8361)福岡県八女郡
68%
山北町(13605/7839)神奈川県足柄上郡
64%
上浦町(3606/2714)愛媛県越智郡
64%
泊村(3056/2040)鳥取県東伯郡
64%
東町(12879/7337)茨城県稲敷郡
64%
瑞穂町(32892/5998/5304/5235)東京都西多摩郡
64%
青葉区(277743/270044)宮城県仙台市
61%
夜須町(16328/4281)福岡県朝倉郡
61%
豊田町(28829/6882)静岡県磐田郡
57%
清水町(30870/10988/10117/5138)静岡県駿東郡
57%
八幡町(16541/7395)岐阜県郡上郡
57%
旭村(11637/2170)茨城県鹿島郡
57%
府中市(226769/41271)東京都
54%
甲西町(41362/13215)滋賀県甲賀郡
54%
西郷村(18642/2836)福島県西白河郡
54%
松島町(17059/9026)宮城県宮城郡
54%
北浦町(10938/4604)茨城県行方郡
54%
岡部町(18494/13149)埼玉県大里郡
50%
日野町(23022/4516)滋賀県蒲生郡
50%
福島町(6795/3420)北海道松前郡
50%
寒川町(46369/6041)神奈川県高座郡
50%
港区(159398/151614/87262)東京都
50%
伊奈町(32216/25569)埼玉県北足立郡
50%
吾妻町(15239/7725)群馬県吾妻郡
50%
栄町(25475/11785)千葉県印旛郡
50%
清川村(3482/2521)神奈川県愛甲郡
50%
昭和町(15937/8997)山梨県中巨摩郡
50%
白浜町(19722/6029)和歌山県西牟婁郡
50%
蒲生町(14328/7339)滋賀県蒲生郡
50%
新治村(9404/7582)茨城県新治郡
50%
錦町(11975/4219)熊本県球磨郡
50%
松前町(30277/11108)愛媛県伊予郡
50%
新宮町(22431/17363)福岡県糟屋郡
50%
嬉野町(19645/17884)佐賀県藤津郡
46%
北方町(17250/8648/4987)岐阜県本巣郡
46%
大内町(16160/9794)香川県大川郡
46%
安田町(10518/3535)新潟県北蒲原郡
46%
中山町(12573/5233/4541)山形県東村山郡
46%
昭和村(7878/1874)群馬県利根郡
46%
鹿島町(12740/8554/8414)福島県相馬郡
46%
楠町(10997/7615)三重県三重郡
46%
佐伯町(12621/4145)広島県佐伯郡
46%
二宮町(30802/16882)神奈川県中郡
46%
新里村(16111/3785)群馬県勢多郡
46%
瀬戸町(14707/2813)岡山県赤磐郡
46%
美川町(12454/1828)石川県石川郡
46%
三野町(9723/5215)香川県三豊郡
46%
菊川町(31528/8203)静岡県小笠郡
46%
美里町(12107/4070)埼玉県児玉郡
46%
柳津町(12334/4669)岐阜県羽島郡
46%
美和町(23969/5271)愛知県海部郡
46%
長島町(15668/5215)三重県桑名郡
43%
八千代町(24352/6206/4450)茨城県結城郡
43%
美浜町(26083/11630/8802)愛知県知多郡
43%
高森町(12528/7300)長野県下伊那郡
43%
河内町(34310/11502/6941)栃木県河内郡
43%
小川町(37301/19501/13808/7168)埼玉県比企郡
43%
山本町(8524/7818)秋田県山本郡
43%
白沢村(9261/3665)福島県安達郡
43%
竜王町(40559/13370)山梨県中巨摩郡
43%
東浦町(45168/8798)愛知県知多郡
43%
山形村(7706/3382)長野県東筑摩郡
43%
川島町(23322/9774/8416)埼玉県比企郡
43%
田代町(7900/3410)秋田県北秋田郡
43%
大東町(21791/17789/14607)静岡県小笠郡
39%
鶴田町(15795/4968)青森県北津軽郡
39%
宮川村(4067/1178)三重県多気郡
39%
松山町(7072/5676/4967)宮城県志田郡
39%
平田町(8606/7232)岐阜県海津郡
39%
藤岡町(19110/18005)栃木県下都賀郡
39%
北区(326764/260114/225184/167640/126125/91952)東京都
39%
大江町(10477/5705)山形県西村山郡
39%
大栄町(13079/9050)千葉県香取郡
39%
玉川村(7680/5672)福島県石川郡
39%
高野町(5355/2417)和歌山県伊都郡
39%
上村(5404/838)熊本県球磨郡
39%
森町(20689/15104)静岡県周智郡
39%
豊野町(10005/5041)長野県上水内郡
39%
大宮町(27126/10805/5242)茨城県那珂郡
39%
日吉町(6219/5934)京都府船井郡
36%
田野町(12321/3315)宮崎県宮崎郡
36%
西海町(9001/3266)長崎県西彼杵郡
36%
協和町(17145/9307)茨城県真壁郡
36%
御津町(13530/12187/10214)愛知県宝飯郡
36%
豊浜町(9001/2175)香川県三豊郡
36%
中里村(6422/941)新潟県中魚沼郡
36%
神岡町(11568/6209)岐阜県吉城郡
36%
小坂町(7171/4005)秋田県鹿角郡
36%
旭区(252836/99231)神奈川県横浜市
36%
三日月町(10960/3375)佐賀県小城郡
36%
川内町(11043/5747)愛媛県温泉郡
36%
長沼町(12452/6451)北海道夕張郡
36%
上野村(3182/2285)沖縄県宮古郡
36%
川崎町(20190/10872)福岡県田川郡
36%
山東町(13421/6392)滋賀県坂田郡
36%
川西町(19688/9422/8185)山形県東置賜郡
36%
池田町(23820/17163/10658/8710/5689/3759)岐阜県揖斐郡
32%
雄勝町(9656/5239)秋田県雄勝郡
32%
吉野町(11318/8576)奈良県吉野郡
32%
三隅町(8073/6419)島根県那賀郡
32%
三和町(39718/12366/4520/4448/3789)茨城県猿島郡
32%
大和村(7556/2104/2018/1541)茨城県真壁郡
32%
太子町(31960/14190)兵庫県揖保郡
32%
藤原町(12031/7314)栃木県塩谷郡
32%
西川町(12365/7452)新潟県西蒲原郡
29%
泉区(200429/147370)宮城県仙台市
29%
志摩町(17571/14727)福岡県糸島郡
29%
大塔村(3246/812)和歌山県西牟婁郡
29%
内海町(12614/3431)香川県小豆郡
29%
大井町(45488/16582)埼玉県入間郡
29%
中島町(7422/6340)石川県鹿島郡
29%
鹿野町(4594/4520)鳥取県気高郡
29%
榛原町(25382/19438)静岡県榛原郡
29%
大崎町(16018/4351)鹿児島県曽於郡
29%
南牧村(3540/3340)長野県南佐久郡
29%
南郷村(6688/3081/2604)青森県三戸郡
29%
庄内町(11087/9317)福岡県嘉穂郡
29%
旭町(3504/3477/3198)愛知県東加茂郡
29%
六郷町(7286/4052)秋田県仙北郡
29%
吉川町(9435/5516)兵庫県美嚢郡
29%
大島村(2480/1785/909)新潟県東頸城郡
25%
勝山町(9324/7415)岡山県真庭郡
25%
金山町(7868/7381/3204)岐阜県益田郡
25%
小国町(10262/8954/7389)山形県西置賜郡
25%
中央町(7214/5206)岡山県久米郡
25%
高山村(7776/4348)長野県上高井郡
25%
志賀町(21553/15681)滋賀県滋賀郡
25%
朝日村(12125/5864/4908/2155)新潟県岩船郡
25%
日高町(18410/7148/2306)兵庫県城崎郡
25%
白鳥町(12965/12724)香川県大川郡
25%
吉井町(24845/17209/6151/5486)群馬県多野郡
25%
川辺町(15456/11013/6904)鹿児島県川辺郡
21%
山陽町(24604/22344)岡山県赤磐郡
21%
大滝村(2097/1711)北海道有珠郡
21%
吉田町(27492/25136/13001/11736/11632/5992)静岡県榛原郡
21%
大山町(11652/6730/3910)富山県上新川郡
21%
川上村(4908/2558/2430/1220/1017)長野県南佐久郡
21%
大野町(25727/23071/11027/5533)広島県佐伯郡
21%
千代田町(26660/12055/11602/10721)茨城県新治郡
21%
緑区(206864/158159/101829)愛知県名古屋市
21%
大和町(24410/21956/17343/15636/8258/7603/7004)宮城県黒川郡
21%
明和町(22300/11474)三重県多気郡
18%
大島町(9259/9224/7373/6055)富山県射水郡
18%
一宮町(16255/11648/11036/10600/9233)愛知県宝飯郡
18%
城辺町(9728/7291)愛媛県南宇和郡
18%
河南町(17919/17341)宮城県桃生郡
18%
豊浦町(20499/9870/5286)山口県豊浦郡
18%
境町(31025/27171)群馬県佐波郡
18%
春野町(15358/6414)高知県吾川郡
18%
双葉町(12601/7647)山梨県北巨摩郡
18%
山田町(21214/11249/8615)岩手県下閉伊郡
18%
朝日町(15915/9590/9337/6716/1926)富山県下新川郡
14%
東区(269307/248950/123258/65791)福岡県福岡市
14%
春日町(12390/8116)兵庫県氷上郡
14%
南区(243039/195242/156787/147912/135467/97820)福岡県福岡市
14%
東村(20656/6013/3275/2450/1867)群馬県佐波郡
14%
美山町(8869/5299/5231)岐阜県山県郡
14%
南郷町(12064/7150)宮崎県南那珂郡
14%
国府町(8620/8101)鳥取県岩美郡
14%
大里村(11455/8129)沖縄県島尻郡
11%
河北町(21476/13407)山形県西村山郡
11%
国分寺町(23158/16714)香川県綾歌郡
11%
福富町(5563/2892)佐賀県杵島郡
11%
有明町(12174/11958/9073/6378)鹿児島県曽於郡
11%
田尻町(13417/6785)宮城県遠田郡
11%
南部町(8108/6711/6104)和歌山県日高郡
11%
中央区(181383/170911/151602/107982/72526/55324)北海道札幌市
11%
西区(235758/199385/179519/166676/140364/78320/63402)兵庫県神戸市
7%
神崎町(8261/6747)兵庫県神崎郡
7%
中区(124719/124718/64669)広島県広島市
7%
東和町(10710/8718/8507/5255)岩手県和賀郡
4%
国見町(11458/11198/5667)長崎県南高来郡
0%

Score Distribution

Percentile by Number Answered

Percent of People with Each Score

Your Score History

You have not taken this quiz since the last reset